000 00649nam a2200205 i 4500
001 81139
003 ES-MaACL
005 20250813030627.0
007 t|
008 041103q1942 sp 00010 spa d
100 1 _aHoyos Sáinz, Luis de,
_d1868-1951
_964437
245 1 0 _aFolklore del embarazo en España /
_cpor Luis de Hoyos Sáinz.
260 _aMadrid :
_b[s.n.,
_c1942]
300 _a7 p. ;
_c25 cm.
595 _aPubl. en: "Las Ciencias", de Madrid, 1942, año VII, n. 4.
650 7 _aEmbarazo
_2embne
_912177
651 4 _aEspaña-
_xUsos y costumbres-
_yS.XX
_98526
852 4 _aES-MaACL
_j1841-F-14
999 _c81139
_d81139